000 00269nam a22000977a 4500
999 _c534936
_d534936
082 _a016.891421
100 _aJhour, Giani Balwinder
245 _aJiwan Jhalkian /
_cGiani Balwinder singh Jhour
942 _2ddc
_cBK